000
00249nam a2200097Ia 4500
001
1250815
005
20251031150903.0
008
251031s9999 xx 000 0 und d
245
0
_c
METİN HARA
_a
H-5 AŞKIN İSTİLASI YOL
260
_b
DESTEK YAYINLARI
999
_c
1250815
_d
1250815